000 00866nam a2200241Ia 4500
003 OSt
005 20220923220252.0
006 a|||||r|||| 00| 0
007 ta
008 220922b |||||||| |||| 00| 0 hin d
024 _a185,581
037 _cTextual
040 _aARTS
_cARTS
_bhin
041 _2hin
_ahin
082 _aY1, 152J6
100 _aशर्मा, कैलाशनाथ; सक्सेना, मदनमोहन
_9164065
245 0 _aसमाजशास्त्र के मूल सिद्वान्त भाग 2
246 _aSamājashāstra ke mūl sidvānta bhāg 2
260 _c1956
650 _aभारतीय-लोक साहित्य
942 _hY1, 152J6
_cTEXL
_2CC
999 _c338827
_d338827